LEADER 01225nam a2200265 4500 001 000000332272 003 CaOOAMICUS 005 20190128094618.0 008 190124s1997 be 000 u fre r 020 $a2-87324-081-4 040 $aSeMil$bita 100 1 $aAerens, Luc <1948- >.$0(OLS)http://semarc/name/93656 245 12$aL'éveil de la foi en maternelle de 3 à 6 ans dans la préliturgie et la précatéchèse /$cLuc Aerens. 264 1$aBruxelles :$bLumen Vitae,$c1997. 300 $a128 p. ;$c23 cm 490 1 $aPédagogie catéchétique ;$v9 650 4$aScuola materna - Catechesi.$0(OLS)http://semarc/subject/42213 650 4$aPedagogia catechistica.$0(OLS)http://semarc/subject/26147 830 0$aPédagogie catéchétique ;$v9.$0(OLS)http://semarc/title/20706 850 $aSeMil 852 $aSeMil$W1$xVenegono$y1$m2C VII 201$j210245$B224078$CSeMilBibl$Z2$F224078 $81 996 $6020$a2-87324-081-4$9(OLS)http://semarc/number/286359 996 $6245$aL'éveil de la foi en maternelle de 3 à 6 ans dans la préliturgie et la précatéchèse$9(OLS)http://semarc/title/421076 996 $6264$aBruxelles :$bLumen Vitae$9(OLS)http://semarc/publisher/29943 LEADER 01240nam a2200289 i 4500 001 000000236051 003 CaOOAMICUS 005 20141120000000.0 008 141120s1982 it u000 u ger u 013 $a214955 020 $a3-7867-0987-4 040 $aSeMil$bita 100 1 $aKasper, Walter,$c.$0(OLS)http://semarc/name/3462 245 14$aDer Gott Jesu Christi /$cWalter Kasper. 260 $aMainz :$bMatthias Grünewald,$c1982. 300 $a406 p. ;$c23 cm. 650 4$aDio - Teologia.$0(OLS)http://semarc/subject/1408 650 4$aTrinità.$0(OLS)http://semarc/subject/940 650 4$aAteismo - Filosofia.$0(OLS)http://semarc/subject/1151 650 4$aAteismo - Teologia.$0(OLS)http://semarc/subject/9601 773 0 $aKasper, Walter $tGlaubensbekenntnis der Kirche.$dMainz : Matthias Grünewald, 1982.$w()31005 850 $aSeMil 852 $aSeMil$W1$xVenegono$y1$m2B IV 331$j232472$B186397$CSeMilBibl$Z2$F197495 $81 961 $aLascito: Serenthà don Mario 996 $6020$a3-7867-0987-4$9(OLS)http://semarc/number/240979 996 $6245$aDer Gott Jesu Christi$9(OLS)http://semarc/title/336397 996 $6260$aMainz :$bMatthias Grünewald$9(OLS)http://semarc/publisher/32193